• 首页
  • 本馆介绍
  • 公告通知
  • 最新文献
  • 馆藏检索
  • 电子资源
  • 读者导购
  • 参考咨询
  • 我的图书馆
  • 登录
  • 详细信息显示
  • 放入我的书架
  • 预约/预借图书
  • 作者相关作品
  • 分类相关作品
  • 丛书相关作品
  • 出版社相关作品

书目信息

  • 表格格式
  • 工作单格式
  • 卡片格式
题名:
中国网络新闻事业管理
    
 
作者: 杜骏飞 主编
分册:  
出版信息: 北京   中国人民大学出版社  2004
页数: 437页
开本: 21cm
丛书名: 新闻传播学文库
单 册:
中图分类: G219.21
科图分类:
主题词: 互联网络--应用--新闻工作--管理--中国 , 互联网络 , 新闻工作
电子资源:
ISBN: 7-300-05758-6
000 00971oam2 2200289 45
001 1132077374
005 20110314084656.48
010    @a7-300-05758-6@dCNY28.00
100    @a20110122d2004 em y0chiy50 ea
101 0  @achi
102    @aCN@b110000
105    @ay z 000yy
106    @ar
200 1  @a中国网络新闻事业管理@AZhong Guo Wang Luo Xin Wen Shi Ye Guan Li@f杜骏飞主编@FDu Jun Fei Zhu Bian
210    @a北京@c中国人民大学出版社@d2004
215    @a437页@d21cm
225 2  @a新闻传播学文库
300    @a江苏省社会科学基金重点研究项目
330    @a本书共分为十三章,阐述了演进与变革、传播效果、编年史、业界考察、原创问题、流言、舆论引导、法治要义、新闻侵权、信息查勋行为等内容。
461  0 @12001 @a新闻传播学文库
606 0  @a互联网络@x应用@x新闻工作@x管理@y中国
606 0  @a互联网络
606 0  @a新闻工作
690    @aG219.21@v4
701  0 @a杜骏飞@ADu Jun Fei@4主编
801  0 @aCN@bTANGWEI@c20110314
905    @b0532356-59@dG219.21@e449@f4
    
    中国网络新闻事业管理/杜骏飞主编.-北京:中国人民大学出版社,2004
    437页;21cm.-(新闻传播学文库)
    江苏省社会科学基金重点研究项目
    
    ISBN 7-300-05758-6:CNY28.00
    本书共分为十三章,阐述了演进与变革、传播效果、编年史、业界考察、原创问题、流言、舆论引导、法治要义、新闻侵权、信息查勋行为等内容。
●
相关链接 在E读中查询图书 在五车中查询图书 在当当中查询图书 在豆瓣中查询图书


正题名:中国网络新闻事业管理     索取号:G219.21/449         预约/预借

序号 登录号 条形码 馆藏地/架位号 状态 备注
1 0532356   205323568   第一样本阅览室/ [索取号:G219.21/449] 在馆    
2 0532357   205323577   密集书库-文学院/ [索取号:G219.21/449] 在馆    
3 0532358   205323586   第四借阅区/ [索取号:G219.21/449] 在馆    
4 0532359   205323595   第四借阅区/ [索取号:G219.21/449] 在馆    
唐山师范学院图书馆 欢迎您!
大连网信软件有限公司© 版权所有